| Tag |
First Indicator |
Second Indicator |
Subfields |
| LEADER |
00000nam a2200000Ia 4500 |
| 001 |
in00004300708 |
| 005 |
20200810082951.0 |
| 006 |
m g d |
| 007 |
cr bn |||a|bb| |
| 008 |
860528s1648 enk o 00| | eng d |
| 035 |
|
|
|a (OCoLC)13651224
|
| 040 |
|
|
|c EAF
|d WaOLN
|
| 037 |
|
|
|a CL0037000034
|b ProQuest Information and Learning. 300 N. Zeeb Rd., Ann Arbor, MI 48106
|
| 043 |
|
|
|a e-uk---
|
| 090 |
|
|
|a DA405
|b .R44
|
| 049 |
|
|
|a EAFA
|
| 245 |
0 |
2 |
|a A Rejoynder by way of animadversions upon Mr. Ashurst his ansvver to the agreement of the people :
|b by an unknown friend, both to him, and his answer, so farre as stands with truth and safety.
|
| 260 |
|
|
|a London :
|b Printed by Robert Ibbitson ...,
|c 1648.
|
| 300 |
|
|
|a 1 online resource ([2], 21 pages)
|
| 336 |
|
|
|a text
|b txt
|2 rdacontent
|
| 337 |
|
|
|a computer
|b c
|2 rdamedia
|
| 338 |
|
|
|a online resource
|b cr
|2 rdacarrier
|
| 500 |
|
|
|a "January 23, 1648. Imprimatur Gilbert Mabbott."
|
| 500 |
|
|
|a Reproduction of original in the Union Theological Seminary Library, New York.
|
| 510 |
4 |
|
|a Wing
|c R769
|
| 533 |
|
|
|a Electronic reproduction.
|b Ann Arbor, Mich. :
|c UMI,
|d 1999-
|f (Early English books online)
|n Digital version of: (Early English books, 1641-1700 ; 1045:8)
|7 s1999 miun s
|
| 600 |
1 |
0 |
|a Ashhurst, William,
|d 1617-1680.
|
| 651 |
|
0 |
|a Great Britain
|x Politics and government.
|
| 830 |
|
0 |
|a Early English books online.
|
| 856 |
4 |
0 |
|u http://proxy.library.tamu.edu/login?url=https://search.proquest.com/docview/2248511285
|z Connect to the full text of this electronic book
|t 0
|
| 999 |
f |
f |
|s 22c3ff2b-9a19-3bc3-b180-26930710e6ec
|i 1a9f9baf-5d3c-31d9-bc60-5b2638a0bb8f
|t 0
|
| 952 |
f |
f |
|a Texas A&M University
|b College Station
|c Electronic Resources
|d Available Online
|t 0
|e DA405 .R44
|h Library of Congress classification
|
| 998 |
f |
f |
|a DA405 .R44
|t 0
|l Available Online
|